Goethes Wilhelm Meister.

Bibliographic Details
Main Author: Schlechta, Karl, 1904-
Format: Book
Language:German
Published: Frankfurt am Main : V. Klostermann, [1953]
Subjects:

MARC

Tag First Indicator Second Indicator Subfields
LEADER 00000cam a2200000 i 4500
001 in00000026670
005 20151007062617.0
008 770315s1953 gw 00000 ger d
010 |a a 54002502  
035 |a (OCoLC)02804099 
035 |9 AAD5351AM 
040 |a VA@  |c VA@  |d TXA  |d UtOrBLW 
049 |a TXAM  |c [338911] 
090 |a PT1982  |b .S32 
092 |a 831  |b G599Ysc 
100 1 |a Schlechta, Karl,  |d 1904- 
245 1 0 |a Goethes Wilhelm Meister. 
264 1 |a Frankfurt am Main :  |b V. Klostermann,  |c [1953] 
264 4 |c ©1953 
300 |a 249 pages ;  |c 21 cm. 
336 |a text  |b txt  |2 rdacontent 
337 |a unmediated  |b n  |2 rdamedia 
338 |a volume  |b nc  |2 rdacarrier 
500 |a Addendum slip inserted. 
600 1 0 |a Goethe, Johann Wolfgang von,  |d 1749-1832.  |t Wilhelm Meister. 
999 |a MARS 
999 f f |s b3b8a915-4d63-371a-b940-d82a917ccfdb  |i 631826b7-d388-39bd-aade-151c02bff158  |t 0 
952 f f |p ric  |a Texas A&M University  |b Rellis Campus  |c Joint Library Facility  |d Remote Storage  |t 0  |e PT1982 .S32  |h Library of Congress classification  |i unmediated -- volume  |m A14801350675 
998 f f |a PT1982 .S32  |t 0  |l Remote Storage